|
|
|
|
| LEADER |
00000nab a2200000 a 4500 |
| 001 |
vtls009146818 |
| 003 |
SK-MaSNL |
| 005 |
20260319074157.0 |
| 008 |
141024c2007 xo ||||||h| 000 b|hun |
| 015 |
|
|
|a SNBRB2007/07
|2 snkbucl
|
| 038 |
|
|
|a SNKBUCL
|
| 040 |
|
|
|a DSZK
|b slo
|c DSZK
|e AACR2
|
| 041 |
0 |
|
|a hun
|
| 044 |
|
|
|a xo
|c SK
|
| 080 |
|
|
|a 78.071.1
|2 1997
|
| 080 |
|
|
|a 78.071.2:78.087.68
|2 1997
|
| 080 |
|
|
|a 37-051:78
|2 1997
|
| 080 |
|
|
|a 78.071.4
|2 1997
|
| 080 |
|
|
|a 929 Vass, Lajos
|2 1997
|
| 100 |
1 |
|
|a Horváth, Géza,
|d 1951-
|4 aut
|9 88332
|
| 245 |
1 |
0 |
|a Értékeink konok védelmezője
|b Vass Lajos születésének 80., halálának 15. évfordulójára
|c Horváth Géza
|
| 300 |
|
|
|b Fotogr.
|
| 600 |
1 |
7 |
|a Vass, Lajos,
|d 1927-1992
|2 snkbucl
|9 1032230
|
| 773 |
0 |
|
|t Katedra
|g Évf. XIV, sz. 8 (2007), o. 7-8
|x 1335-6445
|
| 852 |
|
|
|a SNK
|b KIS3GCP
|
| 852 |
|
|
|a DSZK
|b KIS3GCP
|
| 958 |
|
|
|a HU
|
| 958 |
|
|
|a SK
|
| 958 |
|
|
|a BC
|
| 999 |
|
|
|c 1698913
|d 1700843
|